何べ? - Statistics

General Stats
  • This quiz has been taken 279 times
  • The average score is 4 of 15
Answer Stats
Hint Answer % Correct
富山県にある関西電力最大のダム。 黒部
95%
海のほとり。海岸。 海辺
91%
ローマ教皇選挙会議。 コンクラーベ
40%
タジキスタンの首都。 ドゥシャンベ
27%
紀州南高梅の発祥地の高校のある町で田辺都市圏の一角。南海トラフ地震で最大11mの津波が予測される。 みなべ
25%
松山近郊の町で動物園がある。 砥部
25%
パキスタンの首都。 イスラマバード
23%
北海道を代表する郷土料理で鮭を用いた漁師料理。大漁を祝う際にご褒美として食された。 石狩鍋
15%
死体が埋められたくぼみのある地下トンネル。 カタコンベ
14%
アラビアやヨーロッパで中世に用いられた天文観測器械。 アストロラーべ
2%
土星の第9衛星。 フェーベ
0%
イスラム支配時代のスペインで、許容されていたキリスト教徒。 モサラベ
0%
ドイツ軍が第一次世界大戦まで使用していた、頂上に穂がついたヘルメット。 ピッケルハオベ
0%
植民地時代に、アフリカ出身の黒人奴隷らによって作られた、ウルグアイの音楽。 カンドンベ
0%
2分の2拍子。 アラブレーベ
0%
No matching quizzes found
Score Distribution
Percent of People with Each Score
Percentile by Number Answered
Your Score History
You have not taken this quiz